<?xml version="1.0" encoding="UTF-8"?>
<collection xmlns="http://www.loc.gov/MARC21/slim">
 <record>
  <leader>05243nam a2200373 a 4500</leader>
  <controlfield tag="001">kal3209</controlfield>
  <controlfield tag="003">Gr-AtHEAL</controlfield>
  <controlfield tag="005">20160427184142.0</controlfield>
  <controlfield tag="006">m        d        </controlfield>
  <controlfield tag="008">160413s2015    gr      s           gre|c</controlfield>
  <datafield tag="020" ind1=" " ind2=" ">
   <subfield code="a">9789606033698</subfield>
  </datafield>
  <datafield tag="040" ind1=" " ind2=" ">
   <subfield code="a">GR-AtHEAL</subfield>
   <subfield code="b">gre</subfield>
   <subfield code="c">GR-AtHEAL</subfield>
  </datafield>
  <datafield tag="082" ind1="0" ind2="4">
   <subfield code="a">004.35</subfield>
   <subfield code="2">23</subfield>
  </datafield>
  <datafield tag="100" ind1="1" ind2=" ">
   <subfield code="a">Δημακόπουλος, Βασίλειος.</subfield>
   <subfield code="8">2064</subfield>
  </datafield>
  <datafield tag="245" ind1="1" ind2="0">
   <subfield code="a">Παράλληλα συστήματα και προγραμματισμός</subfield>
   <subfield code="h">[Ηλεκτρονικός πόρος] </subfield>
   <subfield code="c">Δημακόπουλος, Βασίλειος ; Κριτικός αναγνώστης,Χατζηδούκας, Παναγιώτης.</subfield>
  </datafield>
  <datafield tag="260" ind1=" " ind2=" ">
   <subfield code="a">Αθήνα :</subfield>
   <subfield code="b">Σύνδεσμος Ελληνικών Ακαδημαϊκών Βιβλιοθηκών,</subfield>
   <subfield code="c">c2015.</subfield>
  </datafield>
  <datafield tag="490" ind1=" " ind2=" ">
   <subfield code="a">Ακαδημαϊκά Ηλεκτρονικά Συγγράμματα και Βοηθήματα Κάλλιπος</subfield>
   <subfield code="8">40</subfield>
  </datafield>
  <datafield tag="520" ind1=" " ind2=" ">
   <subfield code="a">Το βιβλίο αυτό απευθύνεται σε προπτυχιακούς και μεταπτυχιακούς φοιτητές τμημάτων Πληροφορικής, Μηχανικών Ηλεκτρονικών Υπολογιστών και παρεμφερών γνωστικών αντικειμένων. Τα θέματα που πραγματεύεται είναι άκρως επίκαιρα και αφορούν τους σύγχρονους παράλληλους / πολυπύρηνους υπολογιστές οι οποίοι πλέον αποτελούν σχεδόν τον μοναδικό τύπο υπολογιστή, είτε γενικού είτε ειδικού σκοπού.Εκτός από τους παραπάνω φοιτητές, το βιβλίο μπορεί να χρησιμοποιηθεί και από αναγνώστες / επαγγελματίες / επιστήμονες που έχουν γενικότερη παιδεία στους υπολογιστές και την πληροφορική αλλά ελάχιστη έκθεση στη νέα αυτή τεχνολογία, καθώς το βιβλίο θα είναι σε μεγάλο βαθμό αύταρκες στις έννοιες που καλύπτει. Το βιβλίο στοχεύει να καλύψει δύο μεγάλα ζητήματα που αφορούν στα παράλληλα υπολογιστικά συστήματα υψηλών επιδόσεων:(1) Την αρχιτεκτονική / οργάνωσή τους. Ο αναγνώστης θα είναι σε θέση να αναγνωρίζει τον τρόπο με τον οποίο λειτουργεί ένα τέτοιο σύστημα, πώς διασυνδέονται οι δομικές μονάδες του, ποια προβλήματα πρέπει να λυθούν κατά την σχεδίασή τους καθώς και ποιες είναι οι εναλλακτικές λύσεις.Στο πλαίσιο αυτό, καλύπτονται τα συστήματα πολυεπεξεργαστών κοινόχρηστης μνήμης, τα πολυπύρηνα συστήματα (multicores), οι υπολογιστικές συστάδες (clusters) καθώς και πολύ σύγχρονες αρχιτεκτονικές όπως αυτές των επιταχυντών (accelerators).(2) Τον προγραμματισμό τους.Ο αναγνώστης θα γνωρίσει και θα χρησιμοποιήσει τα δημοφιλέστερα μοντέλα / γλώσσες για τον προγραμματισμό των παράλληλων υπολογιστών. Καλύπτονται όλα τα ευρέως χρησιμοποιούμενα μοντέλα, όπως τα νήματα POSIX και το πρότυπο OpenMP για προγραμματισμό κοινόχρηστης μνήμης, αλλά και το MPI για μεταβίβαση μηνυμάτων.</subfield>
  </datafield>
  <datafield tag="650" ind1=" " ind2="0">
   <subfield code="a">Parallel programming (Computer science)</subfield>
   <subfield code="8">2722</subfield>
  </datafield>
  <datafield tag="653" ind1=" " ind2=" ">
   <subfield code="a">Πολυπύρηνα συστήματα</subfield>
  </datafield>
  <datafield tag="653" ind1=" " ind2=" ">
   <subfield code="a">Συστήματα υψηλών επιδόσεων</subfield>
  </datafield>
  <datafield tag="653" ind1=" " ind2=" ">
   <subfield code="a">Αρχιτεκτονική υπολογιστών</subfield>
  </datafield>
  <datafield tag="653" ind1=" " ind2=" ">
   <subfield code="a">Λογισμικό</subfield>
  </datafield>
  <datafield tag="653" ind1=" " ind2=" ">
   <subfield code="a">Προγραμματισμός</subfield>
  </datafield>
  <datafield tag="653" ind1=" " ind2=" ">
   <subfield code="a">Παράλληλα συστήματα</subfield>
  </datafield>
  <datafield tag="653" ind1=" " ind2=" ">
   <subfield code="a">Επιστήμη υπολογιστών/Πληροφορική</subfield>
   <subfield code="a">Βασικές αρχές συστημάτων</subfield>
  </datafield>
  <datafield tag="653" ind1=" " ind2=" ">
   <subfield code="a">Επιστήμη υπολογιστών/Πληροφορική</subfield>
   <subfield code="a">Αρχές ανάπτυξης λογισμικού</subfield>
  </datafield>
  <datafield tag="653" ind1=" " ind2=" ">
   <subfield code="a">Επιστήμη υπολογιστών/Πληροφορική</subfield>
   <subfield code="a">Αρχιτεκτονική και οργάνωση</subfield>
  </datafield>
  <datafield tag="700" ind1="1" ind2=" ">
   <subfield code="a">Χατζηδούκας, Παναγιώτης</subfield>
   <subfield code="e">Κριτικός αναγνώστης</subfield>
   <subfield code="8">2065</subfield>
  </datafield>
  <datafield tag="856" ind1="4" ind2="0">
   <subfield code="u">http://hdl.handle.net/11419/3209</subfield>
   <subfield code="z">Πλήρες Κείμενο - Full text</subfield>
  </datafield>
  <datafield tag="907" ind1=" " ind2=" ">
   <subfield code="a">.b25678425</subfield>
   <subfield code="b">12-06-18</subfield>
   <subfield code="c">29-07-16</subfield>
  </datafield>
  <datafield tag="949" ind1=" " ind2=" ">
   <subfield code="0">0</subfield>
   <subfield code="1">0</subfield>
   <subfield code="2">ddc</subfield>
   <subfield code="4">0</subfield>
   <subfield code="6">004_350000000000000_ΔΗΜ</subfield>
   <subfield code="7">0</subfield>
   <subfield code="8">KALL</subfield>
   <subfield code="8">601</subfield>
   <subfield code="d">2016-04-13</subfield>
   <subfield code="r">2016-04-13</subfield>
   <subfield code="w">2016-04-13</subfield>
   <subfield code="z">004.35 ΔΗΜ</subfield>
   <subfield code="o">SEAB KALLIPOS</subfield>
  </datafield>
  <datafield tag="998" ind1=" " ind2=" ">
   <subfield code="a">80</subfield>
   <subfield code="a">01</subfield>
   <subfield code="a">02</subfield>
   <subfield code="a">03</subfield>
   <subfield code="a">04</subfield>
   <subfield code="a">05</subfield>
   <subfield code="a">06</subfield>
   <subfield code="a">07</subfield>
   <subfield code="a">08</subfield>
   <subfield code="a">09</subfield>
   <subfield code="a">10</subfield>
   <subfield code="a">11</subfield>
   <subfield code="a">12</subfield>
   <subfield code="a">13</subfield>
   <subfield code="a">14</subfield>
   <subfield code="a">15</subfield>
   <subfield code="a">16</subfield>
   <subfield code="a">17</subfield>
   <subfield code="a">18</subfield>
   <subfield code="a">19</subfield>
   <subfield code="a">20</subfield>
   <subfield code="a">21</subfield>
   <subfield code="a">22</subfield>
   <subfield code="a">23</subfield>
   <subfield code="a">24</subfield>
   <subfield code="a">25</subfield>
   <subfield code="a">26</subfield>
   <subfield code="b">11-05-17</subfield>
   <subfield code="c">m</subfield>
   <subfield code="d">z  </subfield>
   <subfield code="e">-</subfield>
   <subfield code="f">gre</subfield>
   <subfield code="g">gr </subfield>
   <subfield code="h">0</subfield>
  </datafield>
  <datafield tag="942" ind1=" " ind2=" ">
   <subfield code="2">ddc</subfield>
   <subfield code="c">KALLIPOS</subfield>
  </datafield>
 </record>
</collection>
